LEADER 02985 am 2200481 n 450 001 9910214924203321 005 20170512 010 $a84-9096-121-2 035 $a(CKB)3710000001633521 035 $a(OCoLC)76879539 035 $a(FrMaCLE)OB-cvz-3103 035 $a(oapen)https://directory.doabooks.org/handle/20.500.12854/41205 035 $a(PPN)202674193 035 $a(EXLCZ)993710000001633521 100 $a20170530j|||||||| ||| 0 101 0 $afre 135 $auu||||||m|||| 181 $ctxt$2rdacontent 182 $cc$2rdamedia 183 $acr$2rdacarrier 200 12$aL'archipel des épices $eLa corruption de l'administration espagnole aux Philippines (fin xviiie - fin xixe siècle) /$fXavier Huetz de Lemps 210 $aMadrid $cCasa de Velázquez$d2017 215 $a1 online resource (XII-421 p.) 311 $a84-95555-94-8 330 $aAu XVIe siècle, les conquistadors de la frontière asiatique de l?Empire espagnol furent attirés sur ces lointains rivages par l?aimant des épices. Trois siècles plus tard, les fonctionnaires métropolitains viennent chercher aux Philippines des épices d?une tout autre nature : pots-de-vin, détournements de fonds publics, extorsions et prélèvements indus. L?objet de cet ouvrage est de décrire et, surtout, de comprendre la déviance publique généralisée qui affecte cette colonie espagnole. L?auteur établit une typologie des formes, souvent spectaculaires, que prend le brigandage administratif, de l?humble village aux plus hautes sphères de Manille. Il étudie ensuite les défaillances des systèmes de contrôle et de sanction des fonctionnaires corrompus. Enfin, il montre que les modalités clientélistes d?attribution des emplois publics, cumulées aux effets pervers de la situation coloniale, condamnent à l?échec les tentatives de moralisation de l?administration. Le cas philippin fait l?objet de constantes comparaisons, dans le temps et dans l?espace, avec l?Amérique espagnole de l?époque moderne, avec l?Espagne et Cuba ou avec d?autres colonies européennes du XIXe siècle. Enfin, la question est posée d?une éventuelle transmission de la corruption, par-delà la recolonisation américaine (1898-1946), aux Philippines d?aujourd?hui. 606 $aPolitical corruption$zPhiippines$xHistory$y19th century 606 $aSpaniards$zPhilippines$xHistory$y19th century 607 $aPhilippines$xPolitics and government$y1521-1898 607 $aSpain$xColonies$xAdministration$xHistory$y19th century 610 $aManille 610 $acolonie 610 $aPhilippines 610 $aEspagne 610 $acorruption 610 $aXIXème siècle 615 0$aPolitical corruption$xHistory 615 0$aSpaniards$xHistory 700 $aHuetz de Lemps$b Xavier$01239420 801 0$bFR-FrMaCLE 906 $aBOOK 912 $a9910214924203321 996 $aL'archipel des e?pices$92875825 997 $aUNINA LEADER 01215nam0 22002891i 450 001 UON00289784 005 20231205103916.568 100 $a20070313d1954 |0itac50 ba 101 $ager 102 $aDE 105 $a|||| 1|||| 200 1 $aGeist der Goethezeit$eVersuch einer ideellen Entwicklung der klassisch-romantischen Literaturgeschichte. 2.: Klassik$fH. A. Korff 205 $a2.$bdurchgesehene Aufl 210 $aLeipzig$cKoehler & Amelang$d1954 215 $a497 p.$d24 cm. 606 $aLetteratura tedesca$xStoria$xSec. 18.$3UONC061988$2FI 606 $aLetteratura tedesca$xStoria$xSec. 19.-20.$3UONC061913$2FI 620 $aDE$dLeipzig$3UONL003218 676 $a830.09$cLetteratura tedesca. Storia, descrizione, studi critici$v21 700 1$aKorff$bHermann August$3UONV163972$0769931 712 $aKoehler & Amelang$3UONV250855$4650 801 $aIT$bSOL$c20251003$gRICA 899 $aSIBA - SISTEMA BIBLIOTECARIO DI ATENEO$2UONSI 912 $aUON00289784 950 $aSIBA - SISTEMA BIBLIOTECARIO DI ATENEO$dSI TED 22 II C KOR 2 $eSI LO 70154 5 2 996 $aGeist der Goethezeit$91570272 997 $aUNIOR